|
|
|
|
| LEADER |
00000cam a2200000 7i4500 |
| 001 |
0000002115 |
| 005 |
20021107.0 |
| 020 |
0 |
0 |
|a 9834099800
|
| 090 |
0 |
0 |
|a 338.9595
|b CHR 2002
|
| 110 |
1 |
0 |
|a CHR. Michelsen Institute, Norway
|
| 245 |
1 |
0 |
|a Dasar ekonomi baru :
|b pertumbuhan negara dan pencapaian ekonomi orang Melayu
|c Just Faaland, Jack Parkinson, Rais bin Saniman, penterjemah Ramlah Muhamad, Ridzuan Omar, Md. Sharit Bharuddin
|
| 260 |
0 |
0 |
|a Shah Alam, Selangor :
|b Spektra ,
|c 2002
|
| 300 |
|
|
|a xxvii, 405 p. ;
|c 24 cm.
|
| 500 |
0 |
0 |
|a Includes bibliography : p. 396-399 and index
|
| 651 |
0 |
0 |
|a Malaysia
|x Economic aspects
|
| 651 |
0 |
0 |
|a Malaysia
|x Economic policy
|
| 700 |
0 |
1 |
|a Faaland
|h Just
|
| 700 |
0 |
1 |
|a Parkinson
|h Jack
|
| 700 |
0 |
1 |
|a Rais bin Saniman
|
| 700 |
0 |
1 |
|a Ramlah Muhamad
|
| 998 |
|
|
|a JPSM
|
| 999 |
|
|
|a 0000003516
|b Monograph
|c Open Shelf
|e Default branch
|